000 00458nam a2200181Ia 4500
003 GCL
008 140319s9999 xx 000 0 eng d
040 _aGCL /
_cGCL
082 0 4 _a843
_bD C
100 1 _aDHOTEL, ANDRE
245 1 0 _aLE CIEL DU FAUBOURG /
_cDHOTEL, ANDRE
260 _a[S.N] :
_bBERNARD GRASSET ،
_c1988
300 _a255 P
490 _aLES CAHIERS ROUGES
_v0
650 0 4 _aLITERATURE
650 0 4 _aFRENCH LITERATURE
942 _2ddc
_cBK
999 _c21502
_d21502